000 00990cam a2200253 i 4500
003 SA-RiAUC
005 20250909050603.0
008 250909s1950 ||| g 000 0 ara c
040 _aSA-MuMU
_bara
_cSA-RiAUC
_erda
082 0 4 _a241
_qSA-RiAUC
090 _a241
_bم ص ط
100 0 _aمصطفى صبري،
_d1286-1373 هجري
_eمؤلف.
245 1 0 _aموقف العقل والعلم والعالم من رب العالمين وعباده المرسلين /
_cتأليف مصطفى صبري.
264 1 _a[مكان النشر غير محدد] :
_bالمكتبة الإسلامية،
_c1950.
300 _a4 مجلد،
_c24 سم
336 _aنص
_btxt
_2rdacontent
_3كتاب
337 _aبدون وسيط
_bn
_2rdamedia
338 _aمجلد
_bnc
_2rdacarrier
650 7 _aالإلهيات (علم الكلام)
_2aucsh
650 7 _aالله (إسلام)
_2aucsh
650 7 _aالأنبياء
_2aucsh
942 _2ddc
_cRARE BOOK
949 _aSA-JeALM
_d250909
_ukhaled123
_n1
999 _c11501
_d11501